LEADER 01700nam--2200493---450- 001 990000741930203316 005 20100708132828.0 010 $a88-07-81669-5 035 $a0074193 035 $aUSA010074193 035 $a(ALEPH)000074193USA01 035 $a0074193 100 $a20011114d2001----km-y0itay0103----ba 101 $aita 102 $aIT 105 $a||||||||001yy 200 1 $a<> mondo non è in vendita$eagricoltori contro la globalizzazione alimentare$fJosé Bové, François Dufour$ginterviste con Gilles Luneau$gtraduzione di Matteo Schianchi 205 $aNuova ed. ampliata 210 $aMilano$cFeltrinelli$d2001 215 $a209 p.$d20 cm 225 2 $aUniversale economica Feltrinelli$iSaggi 300 $aTrad di: Le monde n'est pas une marchandise. Des paysans contre la malbouffe 410 0$12001$aUniversale economica Feltrinelli$iSaggi 454 1$12001 461 1$1001-------$12001 606 0 $aPiante agrarie$xGenetica$xRicerche sperimentali$xAspetti economici 676 $a338.131523 700 1$aBOVÉ,$bJosé$0421633 701 1$aDUFOUR,$bFrançois$0549794 801 0$aIT$bsalbc$gISBD 912 $a990000741930203316 951 $a338.131 BOV 1 (IEP III 709)$b29715 G.$cIEP III$d00074558 951 $aGLOB 109$b2562 DIRCE 959 $aBK 969 $aECO 969 $aDIRCE 979 $aANGELA$b90$c20011114$lUSA01$h1324 979 $c20020403$lUSA01$h1722 979 $aPATRY$b90$c20040406$lUSA01$h1651 979 $aCHIARA$b90$c20071128$lUSA01$h1403 979 $aRSIAV4$b90$c20090225$lUSA01$h1217 979 $aDIRCE$b90$c20100708$lUSA01$h1328 996 $aMondo non è in vendita$9963520 997 $aUNISA LEADER 01426nam 2200457 450 001 9910467894503321 005 20200520144314.0 010 $a983-861-950-7 035 $a(CKB)4340000000262953 035 $a(MiAaPQ)EBC5338830 035 $a(Au-PeEL)EBL5338830 035 $a(CaPaEBR)ebr11540348 035 $a(OCoLC)1031344223 035 $a(EXLCZ)994340000000262953 100 $a20180430d2015 uy 0 101 0 $amay 135 $aurcnu|||||||| 181 $ctxt$2rdacontent 182 $cc$2rdamedia 183 $acr$2rdacarrier 200 10$aAntologi esei komunikasi $eteori, isu dan amalan /$feditor, Azman Azwan Azmawati [and three others] 210 1$aPalau Pinang :$cPenerbit Universiti Sains Malaysia,$d2015. 215 $a1 online resource (xvi, 244 pages) 311 $a983-861-879-9 320 $aIncludes bibliographical references and index. 330 $aCollection of essays on communication and mass media in Malaysia. 606 $aCommunication$zMalaysia 606 $aMass media$zMalaysia 608 $aElectronic books. 615 0$aCommunication 615 0$aMass media 676 $a899.2809 700 $aAzman$b Azwan Azmawati$0937314 702 $aAzman Azwan Azmawati$f1963- 801 0$bMiAaPQ 801 1$bMiAaPQ 801 2$bMiAaPQ 906 $aBOOK 912 $a9910467894503321 996 $aAntologi esei komunikasi$92111349 997 $aUNINA